[Event "21st TCh-RUS 2014"]
[Site "Loo RUS"]
[Date "2014.04.10"]
[Round "4.1"]
[Board "2"]
[White "Alekseev, Evgeny"]
[Black "Grischuk, Alexander"]
[Result "1/2-1/2"]
[WhiteTitle "GM"]
[BlackTitle "GM"]
[WhiteElo "2678"]
[BlackElo "2777"]
[WhiteTeam "University (Belorechensk)"]
[BlackTeam "Malachite (Sverdlovsk region)"]
[WhiteFideId "4138147"]
[BlackFideId "4126025"]
[EventDate "2014.04.07"]

1. e4 c5 2. c3 Nf6 3. e5 Nd5 4. d4 cxd4 5. Nf3 e6 6. cxd4 d6 7. Bc4 Be7 8. O-O
O-O 9. Bd2 Nc6 10. Nc3 Nb6 11. Bb3 dxe5 12. dxe5 Na5 13. Bc2 Nac4 14. Bc1 Qxd1
15. Rxd1 Bd7 16. Be4 Na5 17. Be3 Rfd8 18. b3 Rac8 19. Rac1 Ba3 20. Rc2 Bb4 21.
Bg5 Re8 22. Rdc1 Ba3 23. Rd1 Bb4 24. Rdc1 Ba3 25. Rd1 Bb4 1/2-1/2

[Event "21st TCh-RUS 2014"]
[Site "Loo RUS"]
[Date "2014.04.10"]
[Round "4.1"]
[Board "3"]
[White "Leko, Peter"]
[Black "Kobalia, Mikhail"]
[Result "1/2-1/2"]
[WhiteTitle "GM"]
[BlackTitle "GM"]
[WhiteElo "2730"]
[BlackElo "2633"]
[WhiteTeam "Malachite (Sverdlovsk region)"]
[BlackTeam "University (Belorechensk)"]
[WhiteFideId "703303"]
[BlackFideId "4119150"]
[EventDate "2014.04.07"]

1. e4 e5 2. Nf3 Nc6 3. Bb5 Nf6 4. O-O Nxe4 5. d4 Nd6 6. Bxc6 dxc6 7. dxe5 Nf5 8.
Qxd8+ Kxd8 9. h3 h5 10. Nc3 Ke8 11. Rd1 Be7 12. Ne2 Bd7 13. Bg5 Rd8 14. Nf4 h4
15. Kh2 b6 16. c3 a5 17. Rd2 Bc8 18. Rxd8+ Bxd8 19. Re1 Bxg5 20. Nxg5 Ne7 21. c4
Bf5 22. Rd1 Rh6 23. g4 hxg3+ 24. fxg3 c5 25. e6 fxe6 26. Re1 Kd7 27. Rd1+ Ke8
28. Re1 Kd7 29. Rd1+ Ke8 30. Re1 1/2-1/2

[Event "21st TCh-RUS 2014"]
[Site "Loo RUS"]
[Date "2014.04.10"]
[Round "4.1"]
[Board "4"]
[White "Landa, Konstantin"]
[Black "Shirov, Alexei"]
[Result "1/2-1/2"]
[WhiteTitle "GM"]
[BlackTitle "GM"]
[WhiteElo "2639"]
[BlackElo "2702"]
[WhiteTeam "University (Belorechensk)"]
[BlackTeam "Malachite (Sverdlovsk region)"]
[WhiteFideId "4101685"]
[BlackFideId "2209390"]
[EventDate "2014.04.07"]

1. e4 c5 2. c3 Nf6 3. e5 Nd5 4. d4 cxd4 5. Nf3 Nc6 6. Bc4 Nb6 7. Bb3 d5 8. exd6
Qxd6 9. O-O Be6 10. Nxd4 Nxd4 11. cxd4 Bxb3 12. Qxb3 e6 13. Nc3 Be7 14. d5 Nxd5
15. Rd1 Qb6 16. Nxd5 exd5 17. Qxb6 axb6 18. Rxd5 Rd8 19. Rxd8+ Kxd8 20. Bf4 Bf6
21. g4 Bxb2 22. Rb1 Bf6 23. Rxb6 Kc8 24. Rb4 Bd8 25. Rc4+ Kd7 26. Rd4+ Kc8 27.
Rc4+ Kd7 28. Rd4+ Kc8 29. Rc4+ 1/2-1/2

[Event "21st TCh-RUS 2014"]
[Site "Loo RUS"]
[Date "2014.04.10"]
[Round "4.1"]
[Board "5"]
[White "Lysyj, Igor"]
[Black "Tregubov, Pavel V."]
[Result "1/2-1/2"]
[WhiteTitle "GM"]
[BlackTitle "GM"]
[WhiteElo "2662"]
[BlackElo "2620"]
[WhiteTeam "Malachite (Sverdlovsk region)"]
[BlackTeam "University (Belorechensk)"]
[WhiteFideId "4150120"]
[BlackFideId "4115341"]
[EventDate "2014.04.07"]

1. d4 Nf6 2. c4 Nc6 3. Nf3 e6 4. e3 Bb4+ 5. Nbd2 d6 6. Be2 O-O 7. O-O Bxd2 8.
Nxd2 e5 9. d5 Ne7 10. b3 c6 11. dxc6 bxc6 12. Bb2 Ng6 13. b4 Rb8 14. Nb3 Qc7 15.
Bc3 c5 16. bxc5 dxc5 17. Qc1 Bg4 18. f3 Be6 19. Rd1 Nd7 20. Qa3 Rfc8 21. Be1 Ne7
22. Rd2 Nf5 23. Bf2 h5 24. Rad1 Nb6 25. Qc1 f6 26. Bd3 Nd6 27. e4 Bxc4 28. Nxc5
Bxd3 29. Rxd3 Nb7 30. Rc3 Nxc5 31. Rxc5 Qf7 32. Rxc8+ Rxc8 33. Qb2 Kh7 34. h4
Qc4 35. Bxb6 axb6 36. Qxb6 Qe2 37. Rf1 Rc2 38. Qf2 Rxa2 39. Qxe2 Rxe2 40. Kh2
Kg6 1/2-1/2

[Event "21st TCh-RUS 2014"]
[Site "Loo RUS"]
[Date "2014.04.10"]
[Round "4.1"]
[Board "6"]
[White "Aleksandrov, Aleksej"]
[Black "Bologan, Viktor"]
[Result "1/2-1/2"]
[WhiteTitle "GM"]
[BlackTitle "GM"]
[WhiteElo "2539"]
[BlackElo "2649"]
[WhiteTeam "University (Belorechensk)"]
[BlackTeam "Malachite (Sverdlovsk region)"]
[WhiteFideId "13500139"]
[BlackFideId "13900048"]
[EventDate "2014.04.07"]

1. d4 Nf6 2. c4 e6 3. Nc3 Bb4 4. e3 d5 5. Qa4+ Nc6 6. Nf3 O-O 7. Qc2 b6 8. a3
Bxc3+ 9. Qxc3 Ba6 10. Bd3 dxc4 11. Bxc4 Ne4 12. Qc2 Bxc4 13. Qxc4 Na5 14. Qc2
Qd5 15. b4 Nc4 16. a4 a5 17. b5 c6 18. bxc6 Rfc8 19. O-O Rxc6 20. Qd3 Rac8 21.
h3 Ncd6 22. Bd2 Rc2 23. Rfd1 Qc4 24. Qxc4 Nxc4 25. Be1 f6 26. Rdb1 g5 27. g4 Kf7
28. Nh2 Kg6 29. Nf1 h5 30. f3 Nc3 31. Bxc3 Rxc3 32. Re1 h4 33. Ra2 e5 34. Kf2
Rd8 35. dxe5 fxe5 36. Ree2 Rdd3 37. Rec2 Kf6 38. Rxc3 Rxc3 39. Nd2 Nxd2 40. Rxd2
Rb3 41. Rd6+ Kf7 42. Ke2 Rb1 43. Rc6 Rb2+ 44. Kd3 Rh2 45. Rxb6 Rxh3 46. Ke4 Rg3
47. Rb7+ 1/2-1/2

[Event "21st TCh-RUS 2014"]
[Site "Loo RUS"]
[Date "2014.04.10"]
[Round "4.2"]
[Board "2"]
[White "Vitiugov, Nikita"]
[Black "Tomashevsky, Evgeny"]
[Result "1/2-1/2"]
[WhiteTitle "GM"]
[BlackTitle "GM"]
[WhiteElo "2747"]
[BlackElo "2697"]
[WhiteTeam "St. Petersburg"]
[BlackTeam "Yugra (KhMAO)"]
[WhiteFideId "4152956"]
[BlackFideId "4147235"]
[EventDate "2014.04.07"]

1. d4 d5 2. c4 c6 3. Nf3 Nf6 4. e3 Bg4 5. Qb3 Qb6 6. Nc3 e6 7. Nh4 Bh5 8. h3 Be7
9. g4 Bg6 10. Nxg6 hxg6 11. Bg2 g5 12. O-O Nbd7 13. Rd1 Rd8 14. Bd2 Nf8 15. Qxb6
axb6 16. a4 dxc4 17. a5 bxa5 18. Rxa5 Ng6 19. Ra7 Rd7 20. Na4 Nd5 21. Ba5 b6 22.
Bxb6 Rxa7 23. Bxa7 O-O 24. Nb6 Nxb6 25. Bxb6 Rb8 26. Ba5 Rxb2 27. Bxc6 Bb4 28.
Bxb4 Rxb4 29. Ra1 c3 30. Rc1 Rb3 31. Be4 Nf8 32. Kf1 Nd7 33. Bc2 Rb2 34. Bd1 Nf6
35. Bf3 Rb3 36. Ke2 Rb2+ 37. Ke1 Rb3 38. Ke2 Rb2+ 39. Ke1 Rb3 40. Bc6 Kf8 41.
Rc2 Ke7 42. Ke2 Kd6 43. Bg2 e5 44. Kd3 exd4 45. exd4 Ra3 46. Rxc3 Rxc3+ 47. Kxc3
Ng8 48. Kd3 Ne7 49. Be4 f6 50. Ke3 Nc8 51. Kf3 Ne7 52. Ke2 Ke6 53. Ke3 Kd6 54.
f4 gxf4+ 55. Kxf4 g5+ 56. Kf3 Kc7 57. Bd3 Nc8 58. Bf5 Nd6 59. Be6 Kd8 1/2-1/2

[Event "21st TCh-RUS 2014"]
[Site "Loo RUS"]
[Date "2014.04.10"]
[Round "4.2"]
[Board "3"]
[White "Inarkiev, Ernesto"]
[Black "Dominguez Perez, Leinier"]
[Result "0-1"]
[WhiteTitle "GM"]
[BlackTitle "GM"]
[WhiteElo "2691"]
[BlackElo "2757"]
[WhiteTeam "Yugra (KhMAO)"]
[BlackTeam "St. Petersburg"]
[WhiteFideId "4162722"]
[BlackFideId "3503240"]
[EventDate "2014.04.07"]

1. d4 Nf6 2. c4 g6 3. g3 c6 4. Nf3 Bg7 5. Bg2 d5 6. Qb3 O-O 7. O-O Qb6 8. Nc3
Rd8 9. h3 Be6 10. c5 Qa6 11. Bf4 h6 12. a4 b6 13. Bc7 Rc8 14. cxb6 Qb7 15. Nd2
axb6 16. Bf4 Nbd7 17. g4 h5 18. g5 Ne8 19. e3 Qa7 20. Qa3 Bf5 21. Rfe1 e6 22.
Nf3 Bf8 23. Qb3 Qa5 24. Nh4 Ng7 25. f3 e5 26. Bxe5 Nxe5 27. dxe5 Be6 28. Qc2 Qb4
29. f4 Bc5 30. Qf2 d4 31. Ne4 dxe3 32. Qc2 Nf5 33. Nxc5 bxc5 34. Nxf5 Bxf5 35.
Qc3 Qxf4 36. Qxc5 Rxa4 37. Rxa4 Qf2+ 38. Kh2 Qxe1 39. e6 Bxe6 40. Re4 e2 41. Qe3
Qa5 42. Qxe2 Qc7+ 43. Kg1 Ra8 44. Qf2 Ra2 45. Re2 c5 46. Qe3 c4 47. Kf2 Ra5 48.
Kg1 Ra1+ 49. Re1 Rxe1+ 50. Qxe1 Qc5+ 51. Kh2 Qxg5 52. Qe4 Qf6 53. Qa8+ Kg7 54.
Qb8 h4 55. Kh1 Qd4 56. Kh2 g5 57. Kh1 Qe3 58. Kh2 Qf4+ 59. Qxf4 gxf4 60. Bf1 f3
61. Kg1 Kf6 62. Kf2 Bd5 0-1

[Event "21st TCh-RUS 2014"]
[Site "Loo RUS"]
[Date "2014.04.10"]
[Round "4.2"]
[Board "4"]
[White "Movsesian, Sergei"]
[Black "Khismatullin, Denis"]
[Result "1/2-1/2"]
[WhiteTitle "GM"]
[BlackTitle "GM"]
[WhiteElo "2670"]
[BlackElo "2681"]
[WhiteTeam "St. Petersburg"]
[BlackTeam "Yugra (KhMAO)"]
[WhiteFideId "310204"]
[BlackFideId "4142578"]
[EventDate "2014.04.07"]

1. e4 c5 2. Nf3 d6 3. d4 cxd4 4. Nxd4 Nf6 5. Nc3 a6 6. Be3 e5 7. Nf3 Be7 8. Bc4
O-O 9. O-O Qc7 10. Bb3 Be6 11. Nh4 g6 12. Nf3 Re8 13. Qe2 Nbd7 14. Bg5 Rac8 15.
Rfd1 b5 16. Bxf6 Nxf6 17. Ne1 Bg4 18. Nf3 Be6 19. Ne1 Bg4 20. Nf3 Be6 1/2-1/2

[Event "21st TCh-RUS 2014"]
[Site "Loo RUS"]
[Date "2014.04.10"]
[Round "4.2"]
[Board "5"]
[White "Rublevsky, Sergei"]
[Black "Matlakov, Maxim"]
[Result "1/2-1/2"]
[WhiteTitle "GM"]
[BlackTitle "GM"]
[WhiteElo "2706"]
[BlackElo "2690"]
[WhiteTeam "Yugra (KhMAO)"]
[BlackTeam "St. Petersburg"]
[WhiteFideId "4115309"]
[BlackFideId "4168003"]
[EventDate "2014.04.07"]

1. e4 e5 2. Nf3 Nc6 3. d4 exd4 4. Nxd4 Nf6 5. Nc3 Bb4 6. Nxc6 bxc6 7. Bd3 O-O 8.
O-O d5 9. exd5 cxd5 10. h3 Rb8 11. Qf3 Re8 12. Bg5 c6 13. Ne2 Bd6 14. Nd4 Bd7
15. Rae1 Be5 16. Rxe5 Rxe5 17. Bf4 Re8 18. Bxb8 Qxb8 19. b3 c5 20. Nf5 Qe5 21.
Ne3 g6 22. Rd1 Kg7 23. Nf1 a5 24. Qe3 Qc3 25. Qd2 Qxd2 26. Nxd2 a4 27. Kf1 Ra8
28. Rb1 axb3 29. axb3 Ra2 30. Ke2 Be6 31. Kd1 Nd7 32. Nf3 Kf6 33. Kd2 Ne5 34.
Nxe5 Kxe5 35. Re1+ Kd4 36. Re3 c4 37. bxc4 dxc4 38. Be2 Ra1 39. c3+ Kd5 40. Bf3+
Kd6 41. Re2 Rf1 42. Ke3 Rc1 43. Kd2 Rf1 44. Ke3 Rc1 45. Ke4 1/2-1/2

[Event "21st TCh-RUS 2014"]
[Site "Loo RUS"]
[Date "2014.04.10"]
[Round "4.2"]
[Board "6"]
[White "Efimenko, Zahar"]
[Black "Riazantsev, Alexander"]
[Result "1/2-1/2"]
[WhiteTitle "GM"]
[BlackTitle "GM"]
[WhiteElo "2657"]
[BlackElo "2688"]
[WhiteTeam "St. Petersburg"]
[BlackTeam "Yugra (KhMAO)"]
[WhiteFideId "14107201"]
[BlackFideId "4125029"]
[EventDate "2014.04.07"]

1. e4 c5 2. Nf3 d6 3. d4 cxd4 4. Nxd4 Nf6 5. Nc3 Nc6 6. g3 g6 7. Nde2 b6 8. Bg2
Bb7 9. O-O Bg7 10. b3 O-O 11. Bb2 Rc8 12. Rb1 Nd7 13. Nd5 Bxb2 14. Rxb2 b5 15.
c3 Nb6 16. Ne3 Ne5 17. Rc2 Ned7 18. Nf4 e5 19. Nfd5 Bxd5 20. Nxd5 Nxd5 21. Qxd5
Qb6 22. c4 Nf6 23. Qd3 bxc4 24. Rxc4 Qa6 25. Rd4 Qxa2 26. Rxd6 Kg7 27. Bh3 Rb8
28. Qf3 Ne8 29. Rd3 Nf6 30. Rd6 Ne8 31. Rd3 Nf6 32. Rd6 1/2-1/2

[Event "21st TCh-RUS 2014"]
[Site "Loo RUS"]
[Date "2014.04.10"]
[Round "4.3"]
[Board "1"]
[White "Prizant, Jaroslav"]
[Black "Nepomniachtchi, Ian"]
[Result "0-1"]
[WhiteTitle "IM"]
[BlackTitle "GM"]
[WhiteElo "2521"]
[BlackElo "2732"]
[WhiteTeam "Moscow region"]
[BlackTeam "SHSM our inheritance (Moscow)"]
[WhiteFideId "4140664"]
[BlackFideId "4168119"]
[EventDate "2014.04.07"]

1. d4 f5 2. Nc3 Nf6 3. Bg5 d5 4. Bxf6 exf6 5. e3 c6 6. Bd3 Qb6 7. Rb1 Be6 8. Qf3
g6 9. g4 Nd7 10. gxf5 Bf7 11. Nge2 O-O-O 12. a3 g5 13. b4 h5 14. Na4 Qc7 15. Nc5
Bxc5 16. bxc5 Qa5+ 17. c3 h4 18. Kd2 b6 19. cxb6 axb6 20. a4 Kc7 21. Qg2 Ra8 22.
h3 Kd8 23. Bc2 Bh5 24. Nc1 Ke7 25. Re1 Rhe8 26. e4 dxe4 27. Nb3 Qa6 28. Rxe4+
Kf8 29. f3 Rad8 30. Re6 Bf7 31. Rxe8+ Rxe8 32. Qh2 Kg7 33. Re1 Rxe1 34. Kxe1 Qc4
35. Kd2 Qd5 36. Qc7 Ne5 37. Kc1 Nxf3 38. Qe7 g4 39. hxg4 h3 40. c4 Qxc4 0-1

[Event "21st TCh-RUS 2014"]
[Site "Loo RUS"]
[Date "2014.04.10"]
[Round "4.3"]
[Board "3"]
[White "Nozdrachev, Vladislav"]
[Black "Grachev, Boris"]
[Result "1/2-1/2"]
[WhiteTitle "IM"]
[BlackTitle "GM"]
[WhiteElo "2491"]
[BlackElo "2659"]
[WhiteTeam "Moscow region"]
[BlackTeam "SHSM our inheritance (Moscow)"]
[WhiteFideId "24113441"]
[BlackFideId "4129199"]
[EventDate "2014.04.07"]

1. e4 c5 2. Nf3 e6 3. d4 cxd4 4. Nxd4 Nc6 5. c4 Nf6 6. Nc3 Bb4 7. Nxc6 bxc6 8.
Bd3 e5 9. O-O Bc5 10. Qe1 d6 11. Kh1 O-O 12. f4 Re8 13. Bc2 Be6 14. b3 exf4 15.
Bxf4 Nh5 16. Be3 Bxe3 17. Qxe3 Qa5 18. Ne2 Nf6 19. Nd4 Ng4 20. Qg3 Ne5 21. a3
Qc5 22. Nf5 Bxf5 23. exf5 f6 24. b4 Qb6 25. Qc3 Kh8 26. h3 a5 27. c5 dxc5 28.
Qxc5 Qxc5 29. bxc5 Red8 30. Rfd1 Kg8 31. Rxd8+ Rxd8 32. Rb1 Kf8 33. Rb7 Rd5 34.
Bb3 Rxc5 35. Rb8+ Ke7 36. Rb7+ Kf8 37. Rb8+ Ke7 38. Rb7+ Kd6 39. Rxg7 h5 40. Bg8
Rc3 41. Rh7 c5 42. Rh6 Ke7 43. Rxh5 Kf8 44. Be6 Kg7 45. Rh4 c4 46. Rd4 Rxa3 47.
Rd8 Rd3 48. Rc8 a4 49. Bxc4 Rc3 50. Rg8+ Kh6 51. Be6 a3 52. Kh2 Kh5 53. Ra8 Re3
54. Ra4 Rc3 1/2-1/2

[Event "21st TCh-RUS 2014"]
[Site "Loo RUS"]
[Date "2014.04.10"]
[Round "4.3"]
[Board "4"]
[White "Najer, Evgeniy"]
[Black "Sarana, Alexey"]
[Result "1-0"]
[WhiteTitle "GM"]
[WhiteElo "2655"]
[BlackElo "2372"]
[WhiteTeam "SHSM our inheritance (Moscow)"]
[BlackTeam "Moscow region"]
[WhiteFideId "4118987"]
[BlackFideId "24133795"]
[EventDate "2014.04.07"]

1. e4 e5 2. Nf3 Nc6 3. Bb5 a6 4. Ba4 Nf6 5. O-O Be7 6. d3 b5 7. Bb3 d6 8. a4 b4
9. a5 O-O 10. Nbd2 Rb8 11. Bc4 Be6 12. b3 Qc8 13. Bb2 Nd7 14. Qe2 Bf6 15. Qe3
Nc5 16. d4 exd4 17. Nxd4 Nxd4 18. Bxd4 Bxd4 19. Qxd4 Re8 20. Rfe1 Bxc4 21. Nxc4
Rb5 22. Re3 Nd7 23. f4 Nb8 24. Rg3 g6 25. Ne3 Nc6 26. Qb2 Rxe4 27. Ng4 Rd4 28.
Re1 Kg7 29. Re4 Rd5 30. Ne3 f6 31. Nxd5 Rd1+ 32. Kf2 Rd2+ 33. Kg1 Rd1+ 34. Kf2
Rd2+ 35. Ke1 Rxd5 36. Rg5 Rf5 37. g4 d5 38. Rxf5 gxf5 39. g5 fxe4 40. Qxf6+ Kg8
41. Qxc6 Qf5 42. Qa8+ Kf7 43. Qxa6 Qg4 44. Qf6+ Ke8 45. Qe5+ Kf8 46. a6 Qg1+ 47.
Kd2 Qf2+ 48. Kc1 Qf1+ 49. Kb2 Qxa6 50. Qh8+ 1-0

[Event "21st TCh-RUS 2014"]
[Site "Loo RUS"]
[Date "2014.04.10"]
[Round "4.3"]
[Board "5"]
[White "Nozdrachev, Leonid"]
[Black "Popov, Ivan RUS"]
[Result "1/2-1/2"]
[WhiteTitle "FM"]
[BlackTitle "GM"]
[WhiteElo "2413"]
[BlackElo "2651"]
[WhiteTeam "Moscow region"]
[BlackTeam "SHSM our inheritance (Moscow)"]
[WhiteFideId "24113433"]
[BlackFideId "4170350"]
[EventDate "2014.04.07"]

1. e4 c6 2. d4 d5 3. Nc3 dxe4 4. Nxe4 Bf5 5. Ng3 Bg6 6. Nf3 e6 7. h4 h6 8. h5
Bh7 9. Bd3 Bxd3 10. Qxd3 Nf6 11. Bd2 Be7 12. O-O-O O-O 13. Kb1 c5 14. Ne4 Nc6
15. Nxf6+ Bxf6 16. dxc5 Qxd3 17. cxd3 Rfd8 18. Bc3 Rd5 19. Bxf6 gxf6 20. d4 Rad8
21. Rc1 Nxd4 22. Nxd4 Rxd4 23. Rh3 Rd2 24. Rb3 R8d7 25. Rc2 Rd1+ 26. Rc1 R1d2
27. Rc2 Rd1+ 28. Rc1 R1d2 29. Rc2 Rd1+ 30. Rc1 1/2-1/2

[Event "21st TCh-RUS 2014"]
[Site "Loo RUS"]
[Date "2014.04.10"]
[Round "4.3"]
[Board "6"]
[White "Potkin, Vladimir"]
[Black "Klyuev, Alexander S."]
[Result "1-0"]
[WhiteTitle "GM"]
[WhiteElo "2617"]
[BlackElo "2260"]
[WhiteTeam "SHSM our inheritance (Moscow)"]
[BlackTeam "Moscow region"]
[WhiteFideId "4131061"]
[BlackFideId "4194250"]
[EventDate "2014.04.07"]

1. d4 Nf6 2. c4 e6 3. Nf3 Bb4+ 4. Nbd2 b6 5. a3 Bxd2+ 6. Qxd2 Bb7 7. e3 d6 8.
Be2 Nbd7 9. b4 O-O 10. Bb2 Ne4 11. Qd3 f5 12. d5 e5 13. O-O Qe7 14. Nd2 Nxd2 15.
Qxd2 Rad8 16. f4 c6 17. Bf3 e4 18. Be2 Nf6 19. dxc6 Bxc6 20. Rfd1 Ba4 21. Rdc1
Be8 22. a4 Bf7 23. a5 Rb8 24. axb6 axb6 25. Qd4 Rfc8 26. Rd1 Ne8 27. h3 Qc7 28.
Rdc1 Kh8 29. Kh2 h6 30. g4 Be6 31. gxf5 Bxf5 32. Rg1 Rb7 33. Rg3 Qf7 34. Rag1
Rcc7 35. Qd1 Qf8 36. Qd5 Bh7 37. Ra1 Re7 38. Ra8 Qf5 39. Rxe8+ 1-0

[Event "21st TCh-RUS 2014"]
[Site "Loo RUS"]
[Date "2014.04.10"]
[Round "4.4"]
[Board "3"]
[White "Artemiev, Vladislav"]
[Black "Rozum, Ivan"]
[Result "1/2-1/2"]
[WhiteTitle "IM"]
[BlackTitle "IM"]
[WhiteElo "2636"]
[BlackElo "2532"]
[WhiteTeam "Rook (Kazan)"]
[BlackTeam "SDYUSSHOR SHSH Chigorin Chess Club"]
[WhiteFideId "24101605"]
[BlackFideId "24104272"]
[EventDate "2014.04.07"]

1. c4 Nf6 2. Nf3 b6 3. Nc3 c5 4. d4 cxd4 5. Nxd4 Bb7 6. f3 d6 7. e4 e6 8. Be3
Be7 9. Be2 O-O 10. O-O a6 11. Qd2 Nbd7 12. Rfd1 Qc7 13. Rac1 Rac8 14. Bf1 Qb8
15. Kh1 Rfe8 16. b4 Bd8 17. Nb3 Bc7 18. Bf4 Ne5 19. Bxe5 dxe5 20. c5 b5 21. a4
bxa4 22. Nxa4 Bc6 23. Nb2 Bb5 24. Qc3 Red8 25. Nc4 Rxd1 26. Rxd1 Rd8 27. Ra1 h5
28. h4 Nh7 29. Na3 Bxf1 30. Rxf1 Nf8 31. Qc4 Ng6 32. Nc2 Qb7 33. Ra1 Ra8 34. g3
Ne7 35. Kg2 Nc6 36. Ra4 g6 37. Kf2 Kg7 38. Nc1 Bd8 39. Ne2 Be7 40. Kf1 Qd7 41.
Ra1 Ra7 42. Ke1 Qb7 43. Nc3 Ra8 44. Ke2 Kh7 45. Na4 Bd8 46. Nb2 Be7 47. Nd3 Kg7
48. Kd2 Bf6 49. Kc3 Be7 50. Ra3 Kh7 51. Kb2 Kg7 52. Ka2 Kg8 53. Ra4 Kh7 54. Nc1
Kg8 55. Nb3 Bd8 56. Kb2 1/2-1/2

[Event "21st TCh-RUS 2014"]
[Site "Loo RUS"]
[Date "2014.04.10"]
[Round "4.4"]
[Board "4"]
[White "Makarov, Marat"]
[Black "Volokitin, Andrei"]
[Result "1/2-1/2"]
[WhiteTitle "GM"]
[BlackTitle "GM"]
[WhiteElo "2511"]
[BlackElo "2647"]
[WhiteTeam "SDYUSSHOR SHSH Chigorin Chess Club"]
[BlackTeam "Rook (Kazan)"]
[WhiteFideId "4101103"]
[BlackFideId "14107090"]
[EventDate "2014.04.07"]

1. Nf3 f5 2. d4 Nf6 3. Bg5 e6 4. Nc3 d5 5. e3 Be7 6. Ne2 c5 7. c3 h6 8. Bxf6
Bxf6 9. Nf4 O-O 10. Ng6 Re8 11. h4 Nc6 12. Bb5 Qb6 13. Qe2 Bd7 14. O-O a6 15.
Bxc6 bxc6 16. Nfe5 Bc8 17. Nd3 cxd4 18. cxd4 a5 19. Rfc1 Ba6 20. Qd2 a4 21. Nde5
Bb5 22. Rc5 Qb7 23. Rac1 Ra6 24. Qd1 Rb6 25. b3 axb3 26. axb3 Ra6 27. Qh5 Rea8
28. Kh2 Ra2 29. Kg3 Qb8 30. Nf4 Bxe5 31. dxe5 Qxe5 32. Qg6 Rb2 33. Qxe6+ Qxe6
34. Nxe6 Raa2 35. f3 Rxg2+ 36. Kf4 Raf2 37. Nd4 Rg4+ 38. Ke5 Rxh4 39. f4 Rh3 40.
R1c3 Kh7 41. Kxf5 Rd2 42. Nxc6 Bd3+ 43. Ke6 Rxe3+ 44. Ne5 d4 45. Rc1 Rf2 46. Rd1
Bc2 47. Rxd4 Bxb3+ 48. Kd6 Ree2 49. Rb4 Bc2 50. Rc8 Bf5 51. Rf8 Re4 52. Rbb8
Rd2+ 53. Kc5 Rc2+ 54. Kd5 Rd2+ 55. Kc5 Rc2+ 56. Kd5 Rd2+ 57. Kc5 Rc2+ 58. Kd5 1/2-1/2

[Event "21st TCh-RUS 2014"]
[Site "Loo RUS"]
[Date "2014.04.10"]
[Round "4.4"]
[Board "5"]
[White "Timofeev, Artyom"]
[Black "Ionov, Sergey"]
[Result "1/2-1/2"]
[WhiteTitle "GM"]
[BlackTitle "GM"]
[WhiteElo "2610"]
[BlackElo "2538"]
[WhiteTeam "Rook (Kazan)"]
[BlackTeam "SDYUSSHOR SHSH Chigorin Chess Club"]
[WhiteFideId "4140419"]
[BlackFideId "4100875"]
[EventDate "2014.04.07"]

1. e4 c6 2. d4 d5 3. f3 Qb6 4. a4 e6 5. Nh3 e5 6. dxe5 Bxh3 7. gxh3 Be7 8. Qe2
Bh4+ 9. Kd1 Ne7 10. c3 Nd7 11. Kc2 O-O 12. a5 Qf2 13. Qxf2 Bxf2 14. exd5 Nxd5
15. a6 bxa6 16. f4 Be3 17. Bg2 Bxc1 18. Bxd5 Bxf4 19. Bxc6 Rad8 20. Rxa6 Nxe5
21. Ba4 Ra8 22. Rd1 Rfb8 23. Na3 g5 24. b4 Rb6 25. Bb5 Rab8 26. Rd5 Rxa6 27.
Bxa6 Bxh2 28. Nc4 Re8 29. Nxe5 Rxe5 30. Rd7 Bg1 31. c4 Kg7 32. c5 Bxc5 33. bxc5
Rxc5+ 34. Kd2 Rf5 35. Ke2 Rf4 36. Rxa7 Ra4 37. Kf2 Ra3 38. Kg2 h5 39. Ra8 Ra2+
40. Kg1 Ra1+ 41. Kg2 Ra2+ 42. Kg1 Ra1+ 1/2-1/2

[Event "21st TCh-RUS 2014"]
[Site "Loo RUS"]
[Date "2014.04.10"]
[Round "4.4"]
[Board "6"]
[White "Alekseenko, Kirill"]
[Black "Ibragimov, Ildar"]
[Result "1-0"]
[WhiteTitle "FM"]
[BlackTitle "GM"]
[WhiteElo "2462"]
[BlackElo "2563"]
[WhiteTeam "SDYUSSHOR SHSH Chigorin Chess Club"]
[BlackTeam "Rook (Kazan)"]
[WhiteFideId "4135539"]
[BlackFideId "4102878"]
[EventDate "2014.04.07"]

1. e4 e6 2. d4 d5 3. Nd2 a6 4. Bd3 c5 5. exd5 exd5 6. Qe2+ Qe7 7. dxc5 Qxe2+ 8.
Nxe2 Bxc5 9. O-O Nc6 10. Re1 Nge7 11. Nb3 Bb6 12. Nc3 O-O 13. Bf4 Rd8 14. Na4
Ba7 15. Bc7 Re8 16. Bb6 Bb8 17. Re2 Bg4 18. f3 Bh5 19. Rae1 f6 20. Bc5 Be5 21.
g4 Bf7 22. f4 Bxf4 23. Bxe7 Ne5 24. Nb6 Nf3+ 25. Kf2 Nxe1 26. Kxe1 Rab8 27. Nc5
h5 28. Ncd7 hxg4 29. Nxb8 Bxb8 30. Bf5 g3 31. hxg3 Bxg3+ 32. Kf1 Bh5 33. Re3 Bf4
34. Rh3 1-0

[Event "21st TCh-RUS 2014"]
[Site "Loo RUS"]
[Date "2014.04.10"]
[Round "4.5"]
[Board "1"]
[White "Smirnov, Pavel"]
[Black "Sjugirov, Sanan"]
[Result "1/2-1/2"]
[WhiteTitle "GM"]
[BlackTitle "GM"]
[WhiteElo "2624"]
[BlackElo "2653"]
[WhiteTeam "Polytechnic (Nizhny Tagil)"]
[BlackTeam "Lada (Samara region)"]
[WhiteFideId "4123425"]
[BlackFideId "4189302"]
[EventDate "2014.04.07"]

1. e4 c5 2. Nf3 e6 3. d4 cxd4 4. Nxd4 a6 5. Be2 Nf6 6. Nc3 Qc7 7. O-O Bc5 8. Bg5
Nc6 9. Nxc6 bxc6 10. Kh1 d5 11. Bd3 Be7 12. f4 Rb8 13. e5 Ng8 14. Na4 c5 15. c4
d4 16. Qg4 h5 17. Qg3 g6 18. b3 Bb7 19. Rae1 Nh6 20. Bf6 Bxf6 21. exf6 Ng4 22.
Qh4 Ne3 23. Rf2 Qc6 24. Qg5 Rc8 25. h3 h4 26. Be2 Qd6 27. Nb2 Be4 28. Nd1 Nc2
29. Ref1 Bf5 30. Bg4 d3 31. Bxf5 exf5 32. g4 hxg3 33. Qxg3 Rd8 34. Nc3 Qxf6 35.
Nd5 Qd4 36. Rd2 Nb4 37. Nxb4 cxb4 38. Rfd1 Kf8 39. Rxd3 Qe4+ 40. Kg1 Rxd3 41.
Rxd3 Kg7 42. Kf2 Qh1 43. Qe3 Qh2+ 44. Ke1 Qxa2 45. Qe5+ Kh7 46. Qe7 Kg7 47. Qe5+
Kh7 48. Qe7 Qa1+ 49. Kf2 Kg7 50. Qxb4 Qb2+ 51. Kg3 Qb1 52. Qc3+ Kh7 53. Rd7 Qg1+
54. Kf3 Qf1+ 55. Kg3 1/2-1/2